Score 0/66 Timer 08:00
0 Plays Today
% Correct
Joss
84.4%
Malcolm Reynolds
82.7%
Stark Tower
82.1%
River Tam
81.7%
Jed
81.7%
Simon Tam
81.3%
Kaylee Frye
80.6%
Hoban 'Wash' Washburne
80.3%
Zoe Alleyne Washburne
80.2%
Zack
79.5%
Jayne Cobb
79.4%
Helicarrier
78.5%
Inara Serra
78.4%
Echo
78.4%
John Ritter
78.3%
Penny's Song
78.1%
Shawarma Shop
78.1%
Alpha
77.5%
Everyone's a Hero
76.7%
My Freeze Ray
76.5%
Sierra
76.3%
A Man's Gotta Do
76.2%
I Will Remember You
76%
Amy Adams
75.7%
Victor
72.8%
Amber Tamblyn
72.3%
City of…
72.3%
I Fall to Pieces
71.7%
The Bachelor Party
71.5%
Brand New Day
70.6%
Kolkata (Calcutta)
70.4%
Sense and Sensitivity
70.1%
So They Say
70%
% Correct
Whiskey
69.2%
Lonely Heart
67.9%
Clea DuVall
67.8%
Chris Hemsworth
67.4%
Derrial Book
66.2%
In the Dark
65.5%
Rm w/a Vu
65%
You're Welcome
64.4%
November
62.9%
Project P.E.G.A.S.U.S.
61.1%
My Eyes
60.2%
Stuttgart
59.4%
Hero
58.9%
Serena Scott Thomas
56%
Pedro Pascal
53.8%
Ivana Milicevic
53.5%
Jonathan M. Woodward
52.1%
John Hawkes
51%
Kristen Connolly
50.4%
Ashanti
50.2%
Christian Clemenson
49.4%
Numfar
49.3%
Slipping
49.2%
Fran Kranz
49%
Anna Hutchison
48.4%
Andy Umberger
48.1%
Jesse Williams
46.9%
Conrade
42.7%
Hinton Battle
40.9%
The Sexton
39.5%
Carlos Jacott
35.3%
Jeff Ricketts
31.3%
Daniel Perrin
27.6%
Remove Ads.
Support Sporcle.
Get the best of Sporcle when you Go Orange. This ad-free experience offers more features, more stats, and more fun while also helping to support Sporcle. Thank you for becoming a member.

You're not logged in!

Compare scores with friends on all Sporcle quizzes.
OR
Log In

Show Comments

Extras

Top Quizzes Today


Score Distribution

Your Account Isn't Verified!

In order to create a playlist on Sporcle, you need to verify the email address you used during registration. Go to your Sporcle Settings to finish the process.

Report this User

Report this user for behavior that violates our Community Guidelines.

Details: